Central Library OPAC University of Rajshahi
Normal view MARC view

Entry Personal Name

Number of records used in: 4

001 - CONTROL NUMBER

  • control field: 5903

003 - CONTROL NUMBER IDENTIFIER

  • control field: BD-RjUL

005 - DATE AND TIME OF LATEST TRANSACTION

  • control field: 20221119150425.0

008 - FIXED-LENGTH DATA ELEMENTS

  • fixed length control field: 221119|| aca||aabn | a|a d

040 ## - CATALOGING SOURCE

  • Original cataloging agency: BD-RjUL
  • Transcribing agency: BD-RjUL

100 ## - HEADING--PERSONAL NAME

  • Personal name: Mazumder, Quamrul, Hasan, Supervisor

670 ## - SOURCE DATA FOUND

  • Source citation: Work cat.: (BD-RjUL)80802: Reza, A.H.M. Selim 5901, Geo-electrical studies in the high Barind, Bangladesh for evaluating Aquifer geometry of the area /, 2002